| 000 | 00521nam a2200229Ia 4500 | ||
|---|---|---|---|
| 003 | 0100 | ||
| 008 | 130303s9999 xx 000 0 und d | ||
| 020 | _a0895268647 | ||
| 040 | _cARRUPELIB | ||
| 050 | _aHX39.5A5213 1985 | ||
| 100 | _aMarx, Karl | ||
| 245 | 4 | _aThe Communist Manifesto | |
| 260 | _aMiddlesex | ||
| 260 | _bPenguin Books | ||
| 260 | _C1967 | ||
| 300 | _a98p. | ||
| 300 | _b 19cm. | ||
| 650 | _aPOLITICAL SCIENCE | ||
| 650 | _bGifts, Spiritual | ||
| 700 | _aEngels, Friedrich | ||
| 942 | 0 | 0 | _04 |
| 999 |
_c36751 _d36751 |
||